[Event "EU-ch Seniors 65 18th"]
[Site "Drammen"]
[Date "2018.08.11"]
[Round "8"]
[White "Ingham, H William"]
[Black "Skogheim, Ole Morten"]
[Result "1-0"]
[WhiteElo "1819"]
[BlackElo "1992"]
[PlyCount "57"]
[EventDate "2018.08.04"]
[EventType "swiss"]
[EventRounds "9"]
[EventCountry "NOR"]
[SourceTitle "CBM 186 Extra"]
[Source "ChessBase"]
[SourceDate "2018.08.24"]
[SourceVersion "1"]
[SourceVersionDate "2018.08.24"]
[SourceQuality "1"]

1. d4 d5 2. Nf3 Nf6 3. e3 c5 4. dxc5 Nc6 5. c3 e6 6. b4 b6 7. Bb5 Bd7 8. Nd4 Nxd4 9. Bxd7+ Qxd7 10. exd4 Be7 11. Bb2 0-0 12. Nd2 Qc7 13. Nf3 Ne4 14. 0-0 Rab8 15. Qc2 f6 16. Rfe1 Qf4 17. c4 bxc5 18. cxd5 exd5 19. bxc5 Rb4 20. Bc1 Qc7 21. Rb1 Rfb8 22. Be3 Qb7 23. Rxb4 Qxb4 24. Nd2 Qb2 25. Qxb2 Rxb2 26. Nxe4 dxe4 27. d5 Rc2 28. d6 Bd8 29. Rc1 1-0

[Event "NOR-ch Seniors-A"]
[Site "Stavanger"]
[Date "2017.07.06"]
[Round "7"]
[White "Melkeraaen, Terje"]
[Black "Skogheim, Ole Morten"]
[Result "1/2-1/2"]
[WhiteElo "1974"]
[BlackElo "1981"]
[PlyCount "44"]
[EventDate "2017.07.01"]
[EventType "swiss"]
[EventRounds "9"]
[EventCountry "NOR"]
[SourceTitle "EXT 2018"]
[Source "ChessBase"]
[SourceDate "2017.10.13"]
[SourceVersion "1"]
[SourceVersionDate "2017.10.13"]
[SourceQuality "1"]

1. Nf3 d5 2. b3 Nf6 3. e3 g6 4. Bb2 Bg7 5. Be2 0-0 6. 0-0 Nbd7 7. d4 Ne4 8. Nbd2 Ndf6 9. c4 c6 10. Qc2 Nxd2 11. Qxd2 Bf5 12. Bd3 Bxd3 13. Qxd3 Ne4 14. Rfd1 e6 15. Rac1 Qe7 16. b4 b5 17. cxb5 cxb5 18. Ne5 Nd6 19. Qb3 Nc4 20. Nd3 Rfc8 21. Nc5 a5 22. a3 a4 1/2-1/2

[Event "NOR-ch Seniors-A"]
[Site "Stavanger"]
[Date "2017.07.04"]
[Round "5"]
[White "Skogheim, Ole Morten"]
[Black "Lindblom, Roar"]
[Result "1/2-1/2"]
[WhiteElo "1981"]
[BlackElo "1889"]
[PlyCount "59"]
[EventDate "2017.07.01"]
[EventType "swiss"]
[EventRounds "9"]
[EventCountry "NOR"]
[SourceTitle "EXT 2018"]
[Source "ChessBase"]
[SourceDate "2017.10.13"]
[SourceVersion "1"]
[SourceVersionDate "2017.10.13"]
[SourceQuality "1"]

1. e4 e5 2. Nf3 Nc6 3. d4 exd4 4. Nxd4 Nf6 5. Nxc6 bxc6 6. e5 Qe7 7. Qe2 Nd5 8. c4 Ba6 9. b3 g6 10. Bb2 Bg7 11. Nd2 Nb4 12. Nf3 c5 13. g3 0-0 14. Bg2 Bb7 15. 0-0 Rfe8 16. Rfe1 d6 17. Qd2 Rad8 18. exd6 Qxd6 19. Rxe8+ Rxe8 20. Qxd6 cxd6 21. Bxg7 Kxg7 22. Rd1 Nxa2 23. Rxd6 Re7 24. Kf1 Nc1 25. Nd2 Bxg2+ 26. Kxg2 Rb7 27. Rd5 Nxb3 28. Nxb3 Rxb3 29. Rxc5 Rc3 30. Ra5 1/2-1/2

[Event "NOR-ch Seniors-A"]
[Site "Oslo"]
[Date "2015.07.06"]
[Round "3"]
[White "Skogheim, Ole Morten"]
[Black "Rostad, Rolf"]
[Result "1-0"]
[WhiteElo "1863"]
[BlackElo "1654"]
[PlyCount "51"]
[EventDate "2015.07.04"]
[EventType "swiss"]
[EventRounds "9"]
[EventCountry "NOR"]
[SourceTitle "EXT 2017"]
[Source "ChessBase"]
[SourceDate "2016.10.25"]
[SourceVersion "1"]
[SourceVersionDate "2016.10.25"]
[SourceQuality "1"]

1. e4 d6 2. d4 Nf6 3. Nc3 g6 4. f4 Bg7 5. Nf3 c6 6. Be2 0-0 7. 0-0 Nbd7 8. Qe1 e5 9. fxe5 dxe5 10. Kh1 exd4 11. Nxd4 Nc5 12. e5 Qxd4 13. exf6 Bxf6 14. Rf4 Qd8 15. Qf2 Be7 16. Rd4 Qb6 17. Bh6 Re8 18. Rf1 Be6 19. b4 Nd7 20. Qf4 f6 21. Bg4 f5 22. Bxf5 Bxf5 23. Rxd7 Qxb4 24. Qe5 Bf8 25. Rg7+ Kh8 26. Re7+ 1-0

[Event "NOR-ch Seniors-A"]
[Site "Oslo"]
[Date "2015.07.05"]
[Round "2"]
[White "Ulrichsen, Jarl Henning"]
[Black "Skogheim, Ole Morten"]
[Result "1-0"]
[WhiteElo "2093"]
[BlackElo "1863"]
[PlyCount "105"]
[EventDate "2015.07.04"]
[EventType "swiss"]
[EventRounds "9"]
[EventCountry "NOR"]
[SourceTitle "EXT 2017"]
[Source "ChessBase"]
[SourceDate "2016.10.25"]
[SourceVersion "1"]
[SourceVersionDate "2016.10.25"]
[SourceQuality "1"]

1. c4 e5 2. g3 Nf6 3. Bg2 Nc6 4. Nc3 Bb4 5. Nd5 Bc5 6. e3 0-0 7. Ne2 Re8 8. b3 Nxd5 9. cxd5 Nb4 10. 0-0 Nd3 11. Qc2 Nxc1 12. Raxc1 d6 13. f4 Bg4 14. Nc3 exf4 15. Rxf4 Bh5 16. Be4 Bg6 17. Bxg6 hxg6 18. Rcf1 f5 19. Kh1 Qg5 20. g4 Rf8 21. gxf5 gxf5 22. Rxf5 Rxf5 23. Qxf5 Qxf5 24. Rxf5 Re8 25. Kg2 g6 26. Rf4 Kg7 27. Kf3 Rh8 28. h4 Rh5 29. b4 Bb6 30. a3 c6 31. dxc6 bxc6 32. Ne4 Rd5 33. d4 Bd8 34. Nf2 a5 35. Ne4 axb4 36. axb4 Be7 37. Nc3 Rh5 38. Rg4 d5 39. b5 cxb5 40. Nxb5 Bxh4 41. Nc7 Rf5+ 42. Rf4 Rh5 43. Nxd5 Rxd5 44. Rxh4 g5 45. Rh1 Kf6 46. Rh6+ Kg7 47. Rc6 Rd7 48. Rc5 Kf6 49. Kg4 Re7 50. Rf5+ Kg6 51. Rxg5+ Kf6 52. Rf5+ Kg6 53. Re5 1-0

[Event "NOR-ch Seniors-A"]
[Site "Trondheim"]
[Date "2014.07.18"]
[Round "8"]
[White "Skogheim, Ole Morten"]
[Black "Strand, Kjetil"]
[Result "0-1"]
[WhiteElo "1829"]
[BlackElo "1897"]
[PlyCount "64"]
[EventDate "2014.07.12"]
[EventType "swiss"]
[EventRounds "9"]
[EventCountry "NOR"]
[SourceTitle "EXT 2017"]
[Source "ChessBase"]
[SourceDate "2016.10.25"]
[SourceVersion "1"]
[SourceVersionDate "2016.10.25"]
[SourceQuality "1"]

1. e4 e5 2. Nf3 Nc6 3. Bc4 Bc5 4. c3 Nf6 5. d3 d6 6. h3 0-0 7. Bb3 d5 8. Qe2 Be6 9. Bc2 Re8 10. Nbd2 a5 11. Nf1 a4 12. Ng3 Bf8 13. Bg5 d4 14. 0-0 a3 15. Bb3 Ra6 16. cxd4 Bxb3 17. axb3 Nxd4 18. Nxd4 Qxd4 19. bxa3 Rea8 20. a4 b5 21. Rac1 bxa4 22. bxa4 Ne8 23. Rc4 Qd7 24. Rfc1 Rxa4 25. Be3 Ra2 26. R1c2 Rxc2 27. Qxc2 Ra1+ 28. Kh2 Ra3 29. d4 exd4 30. Bxd4 Qe6 31. Bb2 Ra2 32. Qc3 Rxb2 0-1

[Event "NOR-ch Seniors-A"]
[Site "Trondheim"]
[Date "2014.07.12"]
[Round "4"]
[White "Farstad, Gudmund"]
[Black "Skogheim, Ole Morten"]
[Result "0-1"]
[WhiteElo "1704"]
[BlackElo "1829"]
[PlyCount "100"]
[EventDate "2014.07.12"]
[EventType "swiss"]
[EventRounds "9"]
[EventCountry "NOR"]
[SourceTitle "EXT 2017"]
[Source "ChessBase"]
[SourceDate "2016.10.25"]
[SourceVersion "1"]
[SourceVersionDate "2016.10.25"]
[SourceQuality "1"]

1. Nf3 d5 2. g3 Nf6 3. Bg2 g6 4. 0-0 Bg7 5. c4 0-0 6. cxd5 Nxd5 7. Nc3 c6 8. d4 Nd7 9. e4 Nxc3 10. bxc3 Qa5 11. Bd2 c5 12. Re1 c4 13. e5 Nb6 14. Ng5 h6 15. Ne4 Bf5 16. Nc5 Nd7 17. Nxd7 Bxd7 18. Bxb7 Rab8 19. Qf3 Bf5 20. Be4 Bxe4 21. Qxe4 Rb2 22. Re2 e6 23. Be1 Rfb8 24. a4 Qb6 25. a5 Qb5 26. Ra2 Rb1 27. Kg2 Qb3 28. Qc2 Qb7+ 29. f3 h5 30. Bd2 Kh7 31. Bc1 Rb3 32. Ba3 Bf8 33. Bxf8 Rxf8 34. Qd2 Qd5 35. Re1 a6 36. Qe3 Rfb8 37. Rea1 Qb5 38. Kh3 Qd5 39. Rf2 R8b5 40. Rfa2 Kg8 41. g4 hxg4+ 42. Kxg4 Rxc3 43. Qxc3 Rb3 44. Qxb3 Qxd4+ 45. f4 cxb3 46. Ra3 Qb2 47. Ra4 Qg2+ 48. Kh4 Qxh2+ 49. Kg4 b2 50. Rb1 Qc2 0-1

[Event "NOR-ch Seniors-A"]
[Site "Lillehammer"]
[Date "2013.06.29"]
[Round "7"]
[White "Kjolberg, Lars"]
[Black "Skogheim, Ole Morten"]
[Result "1-0"]
[WhiteElo "2067"]
[BlackElo "1858"]
[PlyCount "73"]
[EventDate "2013.06.29"]
[EventType "swiss"]
[EventRounds "9"]
[EventCountry "NOR"]
[SourceTitle "EXT 2017"]
[Source "ChessBase"]
[SourceDate "2016.10.25"]
[SourceVersion "1"]
[SourceVersionDate "2016.10.25"]
[SourceQuality "1"]

1. d4 Nf6 2. c4 g6 3. Nf3 Bg7 4. Nc3 d5 5. Bg5 Ne4 6. Bh4 Nxc3 7. bxc3 dxc4 8. Qa4+ Nc6 9. e3 Bd7 10. Qxc4 Be6 11. Qa4 0-0 12. Be2 Qd7 13. Qa3 Bd5 14. Rd1 Qd6 15. Qa4 Qe6 16. 0-0 a6 17. c4 Bxf3 18. Bxf3 Qd7 19. Bxc6 bxc6 20. d5 Qg4 21. Bxe7 Rfe8 22. Qxc6 Qe4 23. Ba3 Be5 24. Rc1 Rad8 25. Rfd1 Re6 26. Qa4 Rf6 27. Qc2 Qh4 28. g3 Qg4 29. f4 Bd6 30. c5 Qf3 31. Qf2 Qxf2+ 32. Kxf2 Bf8 33. Bb2 Rf5 34. e4 Rh5 35. h4 c6 36. Bf6 Rd7 37. g4 1-0